Henry and Mudge and the funny lunch : the twenty-fourth book of their adventures / by Cynthia Rylant ; illustrated by Carolyn Bracken in the style of Suçie Stevenson.
Henry and his dog Mudge (with help from Henry;s dad) are all set to make Henry’s mother a funny, crunchy lunch for Mother’s Day in this Ready-to-Read book of their adventures. This year Henry and Mudge are out to make the best Mother’s Day lunch ever. It has to be juicy, crunchy, and perfect for family sharing. When they select a gorgeous golden pineapple, the menu is shaping up to be anything but dull. Dad is helping them carve something almost too pretty to eat. So how will Henry ever stop Mudge from devouring the surprise before Mom sees it?
Record details
- ISBN: 0689811780
- ISBN: 9780689811784
- ISBN: 0689834446
- ISBN: 9780689834448
- Physical Description: 40 pages : color illustrations ; 23 cm.
- Publisher: New York : Simon & Schuster Books for Young Readers, ©2004.
Search for related items by subject
| Genre: | Holiday Juvenile works. Picture books for children. Fiction. Readers (Elementary) |
Search for related items by series
Available copies
- 1 of 1 copy available at scottsboropl.
Holds
- 0 current holds with 1 total copy.
Show Only Available Copies
| Location | Call Number / Copy Notes | Barcode | Shelving Location | Status | Due Date |
|---|---|---|---|---|---|
| scottsboropl | BR Ryl | 32269001182404 | Juvenile - Beginning Reader | Available | - |
| LDR | 04141cam a2200937 a 4500 | ||
|---|---|---|---|
| 001 | 157354 | ||
| 003 | SBPL | ||
| 005 | 20211228170508.0 | ||
| 008 | 980408s2004 nyua b 000 1 eng | ||
| 010 | . | ‡a 98020939 | |
| 035 | . | ‡a(OCoLC)39002805 | |
| 020 | . | ‡a0689811780 | |
| 020 | . | ‡a9780689811784 | |
| 020 | . | ‡a0689834446 | |
| 020 | . | ‡a9780689834448 | |
| 035 | . | ‡a(OCoLC)39002805 ‡z(OCoLC)54799397 ‡z(OCoLC)56627065 ‡z(OCoLC)732895010 ‡z(OCoLC)1011452675 ‡z(OCoLC)1244462023 | |
| 050 | 0 | 0. | ‡aPZ7.R982 ‡bHeame 2004 |
| 082 | 0 | 4. | ‡a[E] ‡221 |
| 100 | 1 | . | ‡aRylant, Cynthia. : ‡eauthor |
| 245 | 1 | 0. | ‡aHenry and Mudge and the funny lunch : ‡bthe twenty-fourth book of their adventures / ‡cby Cynthia Rylant ; illustrated by Carolyn Bracken in the style of Suçie Stevenson. |
| 260 | . | ‡aNew York : ‡bSimon & Schuster Books for Young Readers, ‡c©2004. | |
| 300 | . | ‡a40 pages : ‡bcolor illustrations ; ‡c23 cm. | |
| 336 | . | ‡atext ‡btxt ‡2rdacontent | |
| 337 | . | ‡aunmediated ‡bn ‡2rdamedia | |
| 338 | . | ‡avolume ‡bnc ‡2rdacarrier | |
| 490 | 1 | . | ‡aThe Henry and Mudge books |
| 490 | 1 | . | ‡aReady-to-read. Level 2 |
| 520 | . | ‡aHenry and his dog Mudge (with help from Henry;s dad) are all set to make Henry’s mother a funny, crunchy lunch for Mother’s Day in this Ready-to-Read book of their adventures. This year Henry and Mudge are out to make the best Mother’s Day lunch ever. It has to be juicy, crunchy, and perfect for family sharing. When they select a gorgeous golden pineapple, the menu is shaping up to be anything but dull. Dad is helping them carve something almost too pretty to eat. So how will Henry ever stop Mudge from devouring the surprise before Mom sees it? | |
| 650 | 0. | ‡aMudge (Fictitious character : Rylant) ‡vJuvenile fiction. | |
| 650 | 0. | ‡aHenry (Fictitious character : Rylant) ‡vJuvenile fiction. | |
| 650 | 0. | ‡aDogs ‡vJuvenile fiction. | |
| 650 | 0. | ‡aMother's Day ‡vJuvenile fiction. | |
| 650 | 0. | ‡aFathers and sons ‡vJuvenile fiction. | |
| 650 | 0. | ‡aFood ‡vJuvenile fiction. | |
| 655 | 7. | ‡aHoliday | |
| 655 | 7. | ‡aJuvenile works. | |
| 655 | 7. | ‡aPicture books for children. | |
| 655 | 7. | ‡aFiction. ‡2lcgft | |
| 655 | 7. | ‡aReaders (Elementary) ‡2sears | |
| 700 | 1 | . | ‡aBracken, Carolyn,: ‡eillustrator. |
| 700 | 1 | . | ‡aStevenson, Suçie. |
| 830 | 0. | ‡aReady-to-read. ‡nLevel 2. | |
| 800 | 1 | . | ‡aRylant, Cynthia. ‡tHenry and Mudge books. |
| 901 | . | ‡a157354 ‡b ‡c157354 ‡tbiblio | |